| 000 | 00737nam a2200241Ia 4500 | ||
|---|---|---|---|
| 008 | 160319s9999 xx 000 0 und d | ||
| 020 | _a9712718397 | ||
| 050 | _a929.81599 | ||
| 050 | _bG786 2006 | ||
| 245 | _aGreat men and women of Asia : | ||
| 245 | _bRamon Magsaysay Awardees from Northeast Asia, 1983-2005 / | ||
| 245 | _cedited by Angelina G. Goloy. | ||
| 260 | _aPasig City : | ||
| 260 | _bAnvil Pub. Inc | ||
| 260 | _c2006 | ||
| 300 | _axi, 287 p. : | ||
| 300 | _bill. ; | ||
| 300 | _c23 cm. | ||
| 650 | _aMen -- Northeast Asia -- Awards -- 1958-1988. | ||
| 650 | _aRamon Magsaysay awards -- 1958-1988. | ||
| 650 | _aWomen -- Northeast Asia -- Awards -- 1958-1988. | ||
| 700 | _aGoloy, Angelina G., editor. | ||
| 999 |
_c292245 _d292245 |
||